LEADER 00992nam0-22003131i-450- 001 990003059200403321 010 $a87014-202-X 035 $a000305920 035 $aFED01000305920 035 $a(Aleph)000305920FED01 035 $a000305920 100 $a20000920d1969----km-y0itay50------ba 101 0 $aita 102 $aIT 200 1 $aEconomic Forecasts and Expectations$eAnalyses of Forecasting Behavior and Performance$fJacob Mincer, Editor. 210 $aNew York$cNational Bureau of Economic Research$cdistributed by Columbia University Press$d1969. 215 $axix, 251 p.$d24 cm 225 1 $aStudies in business cycles$fNational bureau of economic research$v19 610 0 $aPrevisioni 676 $aF/2.5 702 1$aMincer,$bJacob 801 0$aIT$bUNINA$gRICA$2UNIMARC 901 $aBK 912 $a990003059200403321 952 $aF/2.5 ECO$b043133$fSES 959 $aSES 996 $aEconomic forecasts and expectations$960036 997 $aUNINA DB $aING01 LEADER 01363oim 2200409Ma 450 001 9910159485503321 005 20251118110421.0 010 $a9781515996941 010 $a1515996948 035 $a(CKB)3710000001019884 035 $a(OCoLC)1300876189 035 $a(OCoLC-P)1300876189 035 $a(CaSebORM)9781515996941 035 $a(ODN)ODN0003136059 035 $a(EXLCZ)993710000001019884 100 $a20200912d2017 uy n 101 0 $aeng 135 $aurnna|||||||| 182 $cc$2rdamedia 183 $acr$2rdacarrier 200 10$aHacker, Hoaxer, Whistleblower, Spy /$fGabriella Coleman 210 $a[S.I.] $cTantor Media, Inc.$d2017 215 $a1 online resource 330 $aHere is the ultimate book on the worldwide movement of hackers, pranksters, and activists that operates under the non-name Anonymous, by the writer the Huffington Post says "knows all of [Anonymous's] deepest, darkest secrets." 606 $aHacktivism 606 $aInternet$xPolitical aspects 615 0$aHacktivism. 615 0$aInternet$xPolitical aspects. 676 $a364.16/8 700 $aColeman$b Gabriella$01224287 701 $aGilbert$b Tavia$01346469 801 0$bOCoLC-P 801 1$bOCoLC-P 906 $aAUDIO 912 $a9910159485503321 996 $aHacker, Hoaxer, Whistleblower, Spy$93074454 997 $aUNINA